| 000 | 00000nam 2200000zi 4500 |
| 001 | 9.902532 |
| 003 | CaOODSP |
| 005 | 20250218135235 |
| 006 | m o d f |
| 007 | cr |n||||||||| |
| 008 | 210813e20210629oncad ob f000 0 eng d |
| 020 | |a9780660400372 |
| 040 | |aCaOODSP|beng|erda|cCaOODSP |
| 043 | |an-cn--- |
| 086 | 1 |aH22-4/26-2021E-PDF |
| 100 | 1 |aFalk, Will, |eauthor. |
| 245 | 14|aThe state of virtual care in Canada as of wave three of the COVID-19 pandemic : |ban early diagnostique and policy recommendations / |cWill Falk. |
| 264 | 1|aOttawa, ON : |bHealth Canada = Santé Canada, |cJune 29, 2021. |
| 264 | 4|c©2021 |
| 300 | |a1 online resource (87 pages, 1 unnumbered page) : |billustrations, graphs |
| 336 | |atext|btxt|2rdacontent |
| 337 | |acomputer|bc|2rdamedia |
| 338 | |aonline resource|bcr|2rdacarrier |
| 500 | |aIssued also in French under title: L'état des soins virtuels au Canada à la troisième vague de la pandémie de COVID-19 : diagnostic précoce et recommandations en matière de politique. |
| 504 | |aIncludes bibliographical references (pages 82-84). |
| 650 | 0|aVirtual reality in medicine|zCanada. |
| 650 | 0|aMedical care|xTechnological innovations|zCanada. |
| 650 | 0|aCOVID-19 Pandemic, 2020-2023|xHealth aspects|zCanada. |
| 710 | 1 |aCanada. |bHealth Canada, |eissuing body. |
| 775 | 08|tL'état des soins virtuels au Canada à la troisième vague de la pandémie de COVID-19 : |w(CaOODSP)9.902533 |
| 856 | 40|qPDF|s3.23 MB|uhttps://publications.gc.ca/collections/collection_2021/sc-hc/H22-4-26-2021-eng.pdf |
| 986 | |aPub.: 210251 |